Animatroniki z dodatkami na głowie - nagła śmierć - Statystyki

Ogólne statystyki
  • Ten quiz został rozwiązany 8 razy
  • Średni wynik to 5 z 16
Answers on the Grid
Answers color-coded by a green-red scale on the quiz's grid according to % correct below.
ruined roxy
lefty
chica
withered freddy
orville elephant
mangle
glitchtrap
ruined freddy (prototyp)
nightmare bb
S.T.A.F.F. bot
fredbear
golden freddy
shadow freddy
glamrock endo
rockstrar chica
glamrock chica
springtrap
music man
nightmare bonnie
toy bonnie
scraptrap
gregory
glamrock freddy
mimic
twisted foxy
ballora
phantom bb
withered bonnie
nightmare fredbear
nedd bear
yenndo
pigpatch
 
Statystyki odpowiedzi
Odpowiedź % Poprawnych
golden freddy
67%
lefty
67%
orville elephant
67%
withered freddy
67%
nightmare bb
50%
shadow freddy
50%
fredbear
33%
music man
33%
nightmare bonnie
33%
ballora
17%
glamrock chica
17%
nightmare fredbear
17%
glamrock freddy
0%
nedd bear
0%
phantom bb
0%
twisted foxy
0%
Nie znaleziono quizów pasujących do podanych kryteriów
Rozkład punktacji
Procent ludzi z każdym wynikiem
Percentyl według liczby udzielonych odpowiedzi
Twoja historia wyników
Nie rozwiązałeś tego quizu